四国より面積が大きいものを選ぶ -サドンデス- - Statistics

General Stats
  • This quiz has been taken 847 times
  • The average score is 6 of 15
Answers on the Grid
Answers color-coded by a green-red scale on the quiz's grid according to % correct below.
北海道
岩手県
長野県
九州地方
沖縄本島
択捉島
樺太
香港島
台湾本島
シンガポール島
セブ島
スマトラ島
ネパール
スリランカ
オアフ島
ハワイ島
タスマニア島
マンハッタン島
イースター島
キューバ島
グリーンランド
アイスランド
ルクセンブルク
スイス
バチカン市国
シチリア島
カスピ海
ウユニ塩湖
ビクトリア湖
死海
 
Answer Stats
Answer % Correct
83,422 北海道
97%
42,194 九州地方
70%
2,166,000 グリーンランド
49%
72,490 樺太
44%
371,000 カスピ海
44%
103,000 アイスランド
37%
473,500 スマトラ島
35%
35,980 台湾本島
34%
65,610 スリランカ
29%
147,500 ネパール
28%
41,280 スイス
28%
110,860 キューバ島
25%
68,400 タスマニア島
21%
68,870 ビクトリア湖
19%
25,710 シチリア島
13%
No matching quizzes found
Score Distribution
Percent of People with Each Score
Percentile by Number Answered
Your Score History
You have not taken this quiz